Culture précise - Hannibal et les guerres puniques - Statistiques

Statistiques générales
  • Ce quiz a été pris 93 fois
  • Le résultat moyen est 6 sur 10
Statistiques - réponses
Hint Réponse % Correct
Quel est le nombre de guerres puniques ? 3
99%
Quelle chaîne de montagne celui-ci a-t-il traversé ? Les Alpes
84%
Avec quels animaux ? Elephants
82%
Quelle autre ville de méditerranée fut impliquée dans ces guerres face à Rome ? Carthage
73%
Qui fut le dirigeant face à Rome durant la deuxième guerre punique ? Hannibal
73%
Qui est le dirigeant romain qui mit fin à la seconde guerre punique ? Scipion
70%
Quel était son lien avec le premier dirigeant ? Fils
68%
Qui fut le dirigeant face à Rome durant la première guerre punique ? Hamilcar
39%
Durant quels siècles ce sont déroulées ces guerres ? 2ème et 3ème siècle avant J-C
1%
Quel lien entretient il avec Scipion Emilien qui remporte la troisième guerre punique ? Grand père adoptif
1%
Aucun quiz correspondant
Distribution des résultats
% des personnes avec chaque résultat
Percentile par nombre de réponses
Votre historique - résultats
Vous n’avez pas pris ce quiz